[Event "Preinscritos IRT Online"]
[Site "Chess.com INT"]
[Date "2020.12.26"]
[Round "9"]
[White "Sanchez Villarreal, Dario Andres"]
[Black "Cornejo, Jimmy"]
[Result "1/2-1/2"]
[WhiteElo "776"]
[BlackElo "465"]
[PlyCount "82"]
[EventDate "2020.12.26"]
[EventType "swiss"]
[EventRounds "11"]
[EventCountry "ECU"]
[SourceTitle "CBM 200 Extra"]
[Source "ChessBase"]
[SourceDate "2021.03.31"]
[SourceVersion "1"]
[SourceVersionDate "2021.03.31"]
[SourceQuality "1"]

1. e4 e5 2. Nf3 Nc6 3. Nc3 Nf6 4. Bb5 d6 5. Bxc6+ bxc6 6. 0-0 Bg4 7. g3 Bxf3 8. Qxf3 d5 9. exd5 cxd5 10. d4 exd4 11. Nb5 Qd7 12. b3 Qxb5 13. Re1+ Be7 14. c4 Qb4 15. Bb2 0-0 16. a3 Qd6 17. Bxd4 Rae8 18. Bxf6 Bxf6 19. Rad1 Rxe1+ 20. Rxe1 h6 21. b4 dxc4 22. Rd1 Qe5 23. Qd3 Bg5 24. Qxc4 c6 25. Qa6 Qe4 26. Qxa7 Qc2 27. Re1 Qd2 28. Rf1 Re8 29. b5 Re1 30. Qb8+ Kh7 31. Rxe1 Qxe1+ 32. Kg2 Qe4+ 33. Kg1 Qb1+ 34. Kg2 Qb3 35. b6 Qd5+ 36. Kg1 Qd8 37. Qb7 Qd1+ 38. Kg2 Qd5+ 39. Kg1 Qd1+ 40. Kg2 Qd5+ 41. Kg1 Qd1+ 1/2-1/2